Developing public health interventions : (Record no. 1503)

MARC details
000 -LEADER
fixed length control field 01868cam a22005297i 4500
001 - CONTROL NUMBER
control field data
005 - DATE AND TIME OF LATEST TRANSACTION
control field 20260322212103.0
008 - FIXED-LENGTH DATA ELEMENTS--GENERAL INFORMATION
fixed length control field data
035 ## - SYSTEM CONTROL NUMBER
System control number 22078763
010 ## - LIBRARY OF CONGRESS CONTROL NUMBER
LC control number 2021940988
015 ## - NATIONAL BIBLIOGRAPHY NUMBER
National bibliography number GBC1K4678
Source bnb
016 7# - NATIONAL BIBLIOGRAPHIC AGENCY CONTROL NUMBER
Record control number 020418302
Source Uk
020 ## - INTERNATIONAL STANDARD BOOK NUMBER
International Standard Book Number 9781529732412
Qualifying information (paperback)
020 ## - INTERNATIONAL STANDARD BOOK NUMBER
International Standard Book Number 1529732417
Qualifying information (paperback)
020 ## - INTERNATIONAL STANDARD BOOK NUMBER
International Standard Book Number 1529732425
020 ## - INTERNATIONAL STANDARD BOOK NUMBER
International Standard Book Number 9781529732429
020 ## - INTERNATIONAL STANDARD BOOK NUMBER
Canceled/invalid ISBN 9781529788938 (ePub ebook)
020 ## - INTERNATIONAL STANDARD BOOK NUMBER
Canceled/invalid ISBN 9781529784978 (PDF ebook)
035 ## - SYSTEM CONTROL NUMBER
System control number (OCoLC)1272855442
040 ## - CATALOGING SOURCE
Original cataloging agency YDX
Language of cataloging eng
Transcribing agency YDX
Description conventions rda
Modifying agency DLC
-- UKMGB
-- OCLCF
-- OCLCO
-- UKNEZ
-- OCLCO
-- YDX
-- DLC
042 ## - AUTHENTICATION CODE
Authentication code lccopycat
050 00 - LIBRARY OF CONGRESS CALL NUMBER
Classification number RA425
Item number .J46 2022
060 04 - NATIONAL LIBRARY OF MEDICINE CALL NUMBER
Classification number WA 100
Item number J54d 2022
082 04 - DEWEY DECIMAL CLASSIFICATION NUMBER
Classification number 362.1
Edition information 23
100 1# - MAIN ENTRY--PERSONAL NAME
Personal name Jepson, Ruth,
Relator term author.
245 10 - TITLE STATEMENT
Title Developing public health interventions :
Remainder of title a step-by step guide /
Statement of responsibility, etc. Ruth Jepson, John McAteer, Andrew James Williams, Larry Doi, Audrey Buelo.
264 #1 - PRODUCTION, PUBLICATION, DISTRIBUTION, MANUFACTURE, AND COPYRIGHT NOTICE
Place of production, publication, distribution, manufacture Thousand Oaks :
-- Thousand Oaks :
Name of producer, publisher, distributor, manufacturer SAGE,
Date of production, publication, distribution, manufacture, or copyright notice 2022.
264 #4 - PRODUCTION, PUBLICATION, DISTRIBUTION, MANUFACTURE, AND COPYRIGHT NOTICE
Date of production, publication, distribution, manufacture, or copyright notice ©2022
300 ## - PHYSICAL DESCRIPTION
Extent xi, 247 pages :
Other physical details illustrations ;
Dimensions 25 cm
336 ## - CONTENT TYPE
Content type term text
Source rdacontent
337 ## - MEDIA TYPE
Media type term unmediated
Source rdamedia
338 ## - CARRIER TYPE
Carrier type term volume
Source rdacarrier
504 ## - BIBLIOGRAPHY, ETC. NOTE
Bibliography, etc. note Includes bibliographical references and index.
650 #0 - SUBJECT ADDED ENTRY--TOPICAL TERM
Topical term or geographic name entry element Public health.
650 #2 - SUBJECT ADDED ENTRY--TOPICAL TERM
Topical term or geographic name entry element Public Health
650 #6 - SUBJECT ADDED ENTRY--TOPICAL TERM
Topical term or geographic name entry element Santé publique.
650 #7 - SUBJECT ADDED ENTRY--TOPICAL TERM
Topical term or geographic name entry element public health.
Source of heading or term aat
650 #7 - SUBJECT ADDED ENTRY--TOPICAL TERM
Topical term or geographic name entry element Public health.
Source of heading or term fast
Authority record control number or standard number (OCoLC)fst01082238
700 1# - ADDED ENTRY--PERSONAL NAME
Personal name McAteer, John,
Relator term author.
700 1# - ADDED ENTRY--PERSONAL NAME
Personal name Williams, Andrew James,
Relator term author.
700 1# - ADDED ENTRY--PERSONAL NAME
Personal name Doi, Lawrence,
Relator term author.
700 1# - ADDED ENTRY--PERSONAL NAME
Personal name Buelo, Audrey,
Relator term author.
776 08 - ADDITIONAL PHYSICAL FORM ENTRY
Relationship information ebook version :
International Standard Book Number 9781529788938
906 ## - LOCAL DATA ELEMENT F, LDF (RLIN)
a 7
b cbc
c copycat
d 2
e ncip
f 20
g y-gencatlg
925 0# -
-- acquire
-- 1 shelf copy
-- policy default
Holdings
Withdrawn status Lost status Damaged status Not for loan Home library Current library Shelving location Date acquired Total checkouts Full call number Barcode Date last seen Price effective from Koha item type
        Riverside Riverside General stacks 22/03/2026   362.1 LOC-RPL-00050 22/03/2026 22/03/2026 Books